000 00614nam a2200169Ia 4500
008 090711s9999 xx 000 0 und d
082 _b59091
100 _aदेवल गोविंद ब.
245 _aसंगीत संशय कल्लोळ
260 _bपब्लिसिटी प्रिटिंग प्रेस
_c1947
300 _a98
600 _aदेवल गोविंद ब.
630 _aसंगीत संशय कल्लोळ
700 _aदेवल गोविंद ब.
730 _aसंगीत संशय कल्लोळ
942 _cBOOK
999 _c326430
_d326430